000 00895nam a2200253Ia 4500
003 OSt
005 20220930090903.0
006 a|||||r|||| 00| 0
007 ta
008 220926b |||||||| |||| 00| 0 eng d
024 _a3091
037 _cTheses
040 _aCRL
_cCRL
_beng
041 _2eng
_aeng
100 _aDehghani Ali
_9543972
110 _aUniversity of Delhi. Faculty of Medical Sciences. Department of Community of Medicine
_9543973
245 0 _aHospital based study of the effectiveness of lifestyle intervention in reduction of coronary heart disease risk factors
260 _c2012
650 _aCOMMUNITY HEALTH SERVICES
700 _a Dwivedi Shridhar Gu.
_9543974
700 _aUniversity of Delhi. Faculty of Medical Sciences. Department of Community of Medicine
_9543975
942 _cDIS
_2CC
999 _c881309
_d881309